Taylor Swift Ultimate Swiftie Quiz - Folklore Edition - Statistics

General Stats
  • This quiz has been taken 57 times
  • The average score is 5 of 6
Answer Stats
Question Answer % Correct
What bonus track was later added to folklore? The lakes
97%
Which of these songs was not performed in the folklore Eras Tour set? Seven
94%
What streaming platform is “folklore the long pond studio sessions” available on? Disney+
88%
What was the original name for folklore? Woodvale
84%
When was folklore released? July 24, 2020
59%
What song did Taylor write about her Loverfest shows being cancelled due to COVID? Mirrorball
56%
No matching quizzes found
Score Distribution
Percent of People with Each Score
Percentile by Number Answered
Your Score History
You have not taken this quiz